00635 2200205 4500001002100000005001500021035002000036007000300056008004100059020001500100082001100115084001700126100002200143245015300165250001100318260003700329300003500366650001900401990000900420INLIS00000000000580020200626085906 a0010-0620000080ta200626 g 0 ind  a9793931760 a612.65 a612.65 SUP a0 aSUPRIYANTO, wawan1 aAgar anak tumbuh sehat dan cerdas :bkiat merawat kesehatan tumbuh kembang anak lengkap dengan resep tradisional untuk mengobati /cwawan Supriyanto aCet. 1 aYogyakarta :bCahaya Ilmu,c2010 avii, 173 hlm ;c13,5 x 20,5 cm 4aKESEHATAN ANAK a5982